| 000 | 00839 a2200229 4500 | ||
|---|---|---|---|
| 010 | _aENG-85905 | ||
| 020 |
_a8125031421 _c375.00 |
||
| 035 | _aEN-69438 | ||
| 037 | _bD.B.Act / Pub | ||
| 082 | 1 | 4 | _a301.153 |
| 090 |
_c3707 _d3707 |
||
| 100 | 1 | 4 | _aChettiar, A. K. |
| 245 | 1 |
_aIn the tracks of the Mahatama _cby A. K. Chettiar edited by A. R. Venkatachalapathy translated from tamil by S. Thillainayagam _bthe making of a documentary |
|
| 260 |
_aChennai _bOrient Longman _c2006 |
||
| 270 |
_a160, Anna Salai _bChennai _e600 002 _mchegeneral@orientlongman.com |
||
| 300 |
_axix, 151 p. _b21 cm ( Hb.) |
||
| 500 | _aIncludes index | ||
| 700 | 1 | _aVenkatachalapathy, A. R. | |
| 700 | 1 | _aThillainayagam, S. | |
| 942 |
_adpl _cEN _k301.153 / CHE |
||
| 999 |
_c3629 _d3629 |
||